Un hombre dentro del reloj / (Record no. 31178)

MARC details
000 -LEADER
fixed length control field 00892nam a22002537a 4500
001 - CONTROL NUMBER
control field sjds
003 - CONTROL NUMBER IDENTIFIER
control field sjds
005 - DATE AND TIME OF LATEST TRANSACTION
control field 20251118063129.0
008 - FIXED-LENGTH DATA ELEMENTS--GENERAL INFORMATION
fixed length control field 251118b |||||||| |||| 00| 0 spa d
020 ## - INTERNATIONAL STANDARD BOOK NUMBER
International Standard Book Number 9788447800513
020 ## - INTERNATIONAL STANDARD BOOK NUMBER
International Standard Book Number 8447800512
040 ## - CATALOGING SOURCE
Transcribing agency sjds
041 ## - LANGUAGE CODE
Language code of text/sound track or separate title spa
100 ## - MAIN ENTRY--PERSONAL NAME
Personal name Matas, Toni
245 13 - TITLE STATEMENT
Title Un hombre dentro del reloj /
Statement of responsibility, etc. Toni Matas, Arnal Ballester
260 ## - PUBLICATION, DISTRIBUTION, ETC. (IMPRINT)
Place of publication, distribution, etc. Barcelona :
Name of publisher, distributor, etc. El Arca de Junior,
Date of publication, distribution, etc. c1993
300 ## - PHYSICAL DESCRIPTION
Extent 34 pages :
Other physical details color illustrations ;
Dimensions 27 cm
440 ## - SERIES STATEMENT/ADDED ENTRY--TITLE
Title Coleccion Ciempies
520 ## - SUMMARY, ETC.
Summary, etc. Te gustaria poder parar el tiempo cuando te diviertes? Y poder pasarlo rapido cuando te obligan a comer lo que no te gusta? Esto es lo que hizo Miguel el dia que descubrio al hombre que vivía dentro de un reloj
650 ## - SUBJECT ADDED ENTRY--TOPICAL TERM
Topical term or geographic name as entry element Clocks
Form subdivision Juvenile fiction
650 ## - SUBJECT ADDED ENTRY--TOPICAL TERM
Topical term or geographic name as entry element Relojes
Form subdivision Novela juvenil
700 ## - ADDED ENTRY--PERSONAL NAME
Personal name Ballester, Arnal
Relator term author
942 ## - ADDED ENTRY ELEMENTS (KOHA)
Koha item type Libro/Book
Holdings
Withdrawn status Lost status Damaged status Not for loan Home library Current library Shelving location Date acquired Total Checkouts Full call number Barcode Date last seen Price effective from Koha item type
        San Juan Del Sur -- Biblioteca San Juan Del Sur -- Biblioteca Children's Area 18/11/2025   JI 30023473 18/11/2025 18/11/2025 Libro/Book
        Sevadilla -- Satellite Sevadilla -- Satellite   03/03/2026   JI 35402256 03/03/2026 03/03/2026 Libro/Book

Powered by Koha